<?xml version="1.0" encoding="UTF-8"?>
<collection xmlns="http://www.loc.gov/MARC21/slim">
    <record>
        <controlfield tag="001">56587</controlfield>
        <controlfield tag="005">20160916082849.0</controlfield>
        <datafield tag="037" ind1=" " ind2=" ">
            <subfield code="a">TAZ-TFG-2016-2306</subfield>
        </datafield>
        <datafield tag="041" ind1=" " ind2=" ">
            <subfield code="a">spa</subfield>
        </datafield>
        <datafield tag="100" ind1="1" ind2=" ">
            <subfield code="a">Belío Bergua, Julia</subfield>
        </datafield>
        <datafield tag="242" ind1="0" ind2="0">
            <subfield code="a">The reception of Lorca's "rural trilogy" in Paris: Bodas de Sangre, Yerma and La Casa de Bernarda Alba</subfield>
        </datafield>
        <datafield tag="245" ind1="0" ind2="0">
            <subfield code="a">Recepción de la "trilogía rural" de Lorca en París: Bodas de Sangre, Yerma y La Casa de Bernarda Alba (1938-1999)</subfield>
        </datafield>
        <datafield tag="260" ind1=" " ind2=" ">
            <subfield code="a">Zaragoza</subfield>
            <subfield code="b">Universidad de Zaragoza</subfield>
            <subfield code="c">2016</subfield>
        </datafield>
        <datafield tag="506" ind1=" " ind2=" ">
            <subfield code="a">by-nc-sa</subfield>
            <subfield code="b">Creative Commons</subfield>
            <subfield code="c">3.0</subfield>
            <subfield code="u">http://creativecommons.org/licenses/by-nc-sa/3.0/</subfield>
        </datafield>
        <datafield tag="520" ind1=" " ind2=" ">
            <subfield code="a">Federico García Lorca (1898-1936) es, sin duda, uno de nuestros intelectuales más internacionales. Dentro de su producción dramática, sus obras más conocidas son las que conforman la llamada «trilogía rural»: Bodas de Sangre, Yerma y La Casa de Bernarda Alba. Tras un intento de reflejar el debate suscitado por dicha denominación, la parte principal de este trabajo documenta el éxito de las representaciones de las tres obras lorquianas en París durante el siglo XX. Se han consultado las críticas periodísticas francesas relativas a cada representación, conservadas en el departamento de Artes del Espectáculo de la Biblioteca Nacional de Francia. A partir de los datos obtenidos se ha establecido una cronología de las representaciones de Bodas de Sangre, Yerma y La Casa de Bernarda Alba en los principales teatros parisinos. Teniendo en cuenta la documentación consultada, se ha realizado un análisis exhaustivo de las críticas posteriores al estreno de cada obra, así como de las aparecidas tras otra representación de cada una de ellas, considerada importante según la información obtenida. En los anexos se incluyen materiales complementarios que sirven de apoyo al lector: las fichas artísticas de cada representación y la relación completa de críticas, fotos de imágenes aparecidas en prensa, los programas a los que se ha tenido acceso y un eje temporal que facilita la visualización cronológica de las representaciones.</subfield>
        </datafield>
        <datafield tag="521" ind1=" " ind2=" ">
            <subfield code="a">Graduado en Filología Hispánica</subfield>
        </datafield>
        <datafield tag="540" ind1=" " ind2=" ">
            <subfield code="a">Derechos regulados por licencia Creative Commons</subfield>
        </datafield>
        <datafield tag="700" ind1=" " ind2=" ">
            <subfield code="a">Rubio Jiménez, Jesús</subfield>
            <subfield code="e">dir.</subfield>
        </datafield>
        <datafield tag="710" ind1="2" ind2=" ">
            <subfield code="a">Universidad de Zaragoza</subfield>
            <subfield code="b">Filología Española</subfield>
            <subfield code="c">Literatura Española</subfield>
        </datafield>
        <datafield tag="856" ind1="0" ind2=" ">
            <subfield code="f">666197@celes.unizar.es</subfield>
        </datafield>
        <datafield tag="856" ind1="4" ind2=" ">
            <subfield code="s">7518406</subfield>
            <subfield code="u">http://zaguan.unizar.es/record/56587/files/TAZ-TFG-2016-2306.pdf</subfield>
            <subfield code="y">Memoria (spa)</subfield>
        </datafield>
        <datafield tag="909" ind1="C" ind2="O">
            <subfield code="o">oai:zaguan.unizar.es:56587</subfield>
            <subfield code="p">driver</subfield>
            <subfield code="p">trabajos-fin-grado</subfield>
        </datafield>
        <datafield tag="950" ind1=" " ind2=" ">
            <subfield code="a"></subfield>
        </datafield>
        <datafield tag="951" ind1=" " ind2=" ">
            <subfield code="a">deposita:2016-09-15</subfield>
        </datafield>
        <datafield tag="980" ind1=" " ind2=" ">
            <subfield code="a">TAZ</subfield>
            <subfield code="b">TFG</subfield>
            <subfield code="c">FFYL</subfield>
        </datafield>
    </record>

    
</collection>